Angèle - Chansons de l'album Brol - Statistiques

Statistiques générales
  • Ce quiz a été pris 18 fois
  • Le résultat moyen est 12 sur 19
Statistiques - réponses
Hint Réponse % Correct
Brol 2 Balance ton quoi
88%
Brol 11 Flemme
88%
Brol 10 Ta reine
81%
Brol, la suite 19 Ta reine (Version orchestrale)
81%
Brol 12 Flou
75%
Brol, la suite 14 Oui ou non
75%
Brol 3 Jalousie
69%
Brol 8 Les matins
69%
Brol 9 Je veux tes yeux
63%
Brol 4 Tout oublier (feat. Roméo Elvis)
63%
Brol 1 La Thune
56%
Brol, la suite 17 J'entends
50%
Brol 5 La Loi de Murphy
50%
Brol 6 Nombreux
44%
Brol, la suite 13 Perdus
44%
Brol, la suite 18 Que du love (feat. Kiddy Smile)
44%
Brol 7 Victime des réseaux
44%
Brol, la suite 16 Tu me regardes
38%
Brol, la suite 15 Insomnies
31%
Aucun quiz correspondant
Distribution des résultats
% des personnes avec chaque résultat
Percentile par nombre de réponses
Votre historique - résultats
Vous n’avez pas pris ce quiz